000 00951cam a2200229 4500
001 WB3727-20
008 010711n2001 000 0 eng u
035 _a(Sirsi) u113604
245 _aCrown Estate results
260 _c2001
490 _aCrown Estate Press Release
_v 9 July 2001, (3)
520 _aDiscusses the increase in net revenue for the Crown Estate, attributing the good performance to their successful long-term property investment strategy. Looks at the performance of capital investment especially in Central London, and the performance of the agriculture sector in view of the foot and mouth outbreak, as well as the plans for a new offshore wind farm industry to supply energy to homes in UK.
590 _aWB
650 _aCROWN ESTATE
650 _aURBAN ESTATE
650 _aRURAL ESTATE
650 _aREVENUE
650 _aCAPITAL INVESTMENT
650 _aTERRITORIAL WATERS
690 _aINVESTMENT
942 _n0
999 _c67690
_d67690